00590 2200229 4500001002100000005001500021035002000036245004500056100001600101250000600117300003500123260003300158082001100191084001700202020002200219650003400241990001700275990001700292990001700309990001700326990001700343INLIS00000000000063020190122125059 a0010-01190000861 aBahaya dan Pencegahan DBD /cEdi Warsidi0 aEdi Warsidi a- aiv, 84 hlm. :bilus. ;c21 cm. aBekasi :bMitra Utama,c2009 a616.92 a616.92 EDI b a978-979-17609-1-1 aDBD ( Demam Berdarah Dengue ) a02340/H/2018 a02341/H/2018 a02342/H/2018 a02343/H/2018 a02344/H/2018